[Event "Hoogovens-B"]
[Site "Wijk aan Zee"]
[Date "1989.01.26"]
[Round "9"]
[White "Andruet, Gilles"]
[Black "Dokhoian, Yury"]
[Result "0-1"]
[WhiteElo "2420"]
[BlackElo "2575"]
[PlyCount "50"]
[EventDate "1989.01.16"]
[EventType "tourn"]
[EventRounds "11"]
[EventCountry "NED"]
[EventCategory "10"]
[SourceTitle "CBM 012"]
[Source "ChessBase"]
[SourceDate "1989.10.01"]
[SourceVersion "1"]
[SourceVersionDate "1989.10.01"]
[SourceQuality "1"]

1. d4 e6 2. c4 Nf6 3. Nc3 Bb4 4. Qc2 O-O 5. a3 Bxc3+ 6. Qxc3 b6 7. Nf3 Bb7 8.
e3 d6 9. Be2 Nbd7 10. O-O Ne4 11. Qc2 f5 12. Ne1 Qh4 13. f3 Ng5 14. d5 Rae8 15.
b4 Nf6 16. Bd3 exd5 17. cxd5 Nxd5 18. Bc4 Ne6 19. Qb3 c6 20. Bxd5 cxd5 21. Bb2
Qc4 22. Qd1 f4 23. Nc2 Qb3 24. Rb1 Rc8 25. Rf2 fxe3 0-1

[Event "Hoogovens-B"]
[Site "Wijk aan Zee"]
[Date "1989.01.27"]
[Round "10"]
[White "Dokhoian, Yury"]
[Black "Lau, Ralf"]
[Result "1-0"]
[WhiteElo "2575"]
[BlackElo "2475"]
[PlyCount "175"]
[EventDate "1989.01.16"]
[EventType "tourn"]
[EventRounds "11"]
[EventCountry "NED"]
[EventCategory "10"]
[SourceTitle "CBM 012"]
[Source "ChessBase"]
[SourceDate "1989.10.01"]
[SourceVersion "1"]
[SourceVersionDate "1989.10.01"]
[SourceQuality "1"]

1. d4 d6 2. Nf3 g6 3. c4 Bg7 4. Nc3 e5 5. e4 exd4 6. Nxd4 Nc6 7. Be3 Nge7 8.
Be2 O-O 9. Qd2 f5 10. exf5 Nxf5 11. Nxf5 Bxf5 12. O-O Qf6 13. Rad1 a6 14. Bg5
Qf7 15. Bf3 Kh8 16. b3 Rfe8 17. Bh6 Bf6 18. Rfe1 Rab8 19. Bd5 Qd7 20. Ne4 Bxe4
21. Rxe4 Rxe4 22. Bxe4 Nd4 23. Re1 c5 24. Bd5 b6 25. Qf4 Bg7 26. Bxg7+ Kxg7 27.
Qe4 h5 28. Qe7+ Qxe7 29. Rxe7+ Kh6 30. f4 Rf8 31. g3 g5 32. fxg5+ Kxg5 33. Rg7+
Kh6 34. Rb7 b5 35. Rb6 Rf6 36. Rxa6 h4 37. Ra8 hxg3 38. hxg3 b4 39. Kg2 Kg5 40.
Rg8+ Kf5 41. Re8 Rh6 42. Be4+ Kf6 43. Bd3 Rh5 44. Rf8+ Ke5 45. Rf1 Rg5 46. Rf4
Rg8 47. Re4+ Kf6 48. Rf4+ Ke5 49. Rf2 Rg7 50. Kh3 Rg8 51. g4 Rh8+ 52. Kg3 Rh1
53. Rf1 Rxf1 54. Bxf1 Ne6 55. Bd3 Ng5 56. Bf5 Nf7 57. Kf3 Ng5+ 58. Ke3 Nh3 59.
Be4 Ng5 60. Bd5 Nh3 61. Kf3 Ng5+ 62. Kg3 Kf6 63. Kh4 Nh7 64. Kh5 Ng5 65. Kh6
Nh3 66. Bc6 Ng5 67. Bb7 Nf7+ 68. Kh7 Ng5+ 69. Kg8 Nh3 70. Kf8 Ng5 71. Ke8 Ke6
72. Bg2 Nh7 73. Bd5+ Ke5 74. Ke7 Ng5 75. Bg2 Ne6 76. Bb7 Ng5 77. Bc8 Nh7 78.
Kf7 Ng5+ 79. Kg6 Nf3 80. Bb7 Nd4 81. g5 Ne6 82. Bc8 Nf4+ 83. Kf7 Kd4 84. g6
Nxg6 85. Kxg6 Kc3 86. Kf6 Kb2 87. Ke6 Kxa2 88. Kxd6 1-0

[Event "Hoogovens-B"]
[Site "Wijk aan Zee"]
[Date "1989.01.29"]
[Round "11"]
[White "Campora, Daniel Hugo"]
[Black "Dokhoian, Yury"]
[Result "0-1"]
[WhiteElo "2500"]
[BlackElo "2575"]
[Annotator "ChessBase"]
[PlyCount "52"]
[EventDate "1989.01.16"]
[EventType "tourn"]
[EventRounds "11"]
[EventCountry "NED"]
[EventCategory "10"]
[SourceTitle "CBM 012"]
[Source "ChessBase"]
[SourceDate "1989.10.01"]
[SourceVersion "1"]
[SourceVersionDate "1989.10.01"]
[SourceQuality "1"]

1. e4 e6 2. d4 d5 3. e5 c5 4. c3 Nc6 5. Nf3 Qb6 6. a3 Nh6 7. b4 cxd4 8. cxd4
Nf5 9. Bb2 $6 (9. Be3 $5 f6 $5 10. b5 $6 Nxe5 $5 11. dxe5 Nxe3 12. fxe3 Qxe3+
13. Qe2 Qc1+ 14. Qd1 Qe3+ $10 {remis Romanishin,O-Lputian,S/Erevan/1988/14/})
9... Be7 (9... Bd7 $5 10. Be2 (10. g4 Nh6 11. h3 f6 $13) 10... Rc8 $1 11. O-O
Na5 $1 $15) 10. Bd3 a5 (10... Bd7 $5 11. O-O $1 Nfxd4 (11... g5 12. Bxf5 exf5
13. Nc3 Be6 14. Na4 Qb5 15. Nc5 g4 16. Ne1 Bxc5 17. dxc5 $14) 12. Nxd4 Nxd4 13.
Qg4 $16) 11. Bxf5 (11. b5 $5 Ncxd4 12. Nxd4 Nxd4 13. Qg4 Nxb5 14. Qxg7 $13)
11... exf5 12. Nc3 Be6 13. b5 (13. Na4 Qb5 14. Nc3 $10) 13... a4 $1 14. O-O Nb8
(14... Na5 $5 15. Qxa4 O-O $146 {/\ ...Rfc8, ...Nc4}) 15. Bc1 Nd7 16. Rb1 $6 {
16.Lg5!?} O-O 17. Nxa4 Qa5 18. Nc5 Nxc5 19. dxc5 $2 (19. Bd2 $5 Qxa3 20. Bb4
Qa7 21. b6 Qxb6 22. Bxc5 Qc7 23. Bxe7 Qxe7 {bietet Chancen auf Ausgleich})
19... Bxc5 20. Qd3 (20. Bb2 Bxa3 21. Ra1 Qb4) (20. Nd4 Bxa3 21. Ra1 Qc3) 20...
d4 $1 21. Bb2 Rfd8 22. Bxd4 $2 {>= 22.Rfd1} Qa4 23. Rfd1 Rd5 24. Rd2 (24. Rbc1
Rad8 25. Rc4 Qxb5) 24... Rad8 25. Rbd1 h6 $1 (25... Bxd4 $2 26. Nxd4 Rxd4 $4
27. Qxd4 $18) 26. Qc3 Bxd4 $1 (26... Bxd4 {0-1 wegen} 27. Nxd4 Rxd4 28. Rxd4
Qxd1+ $1) 0-1

[Event "GMA op"]
[Site "Moscow"]
[Date "1989.??.??"]
[Round "2"]
[White "Zaichik, Gennadi"]
[Black "Dokhoian, Yury"]
[Result "0-1"]
[WhiteElo "2500"]
[BlackElo "2575"]
[PlyCount "70"]
[EventDate "1989.05.??"]
[EventType "swiss"]
[EventRounds "9"]
[EventCountry "URS"]
[SourceTitle "TD"]
[Source "ChessBase"]
[SourceDate "1994.03.01"]
[SourceVersion "1"]
[SourceVersionDate "1994.03.01"]
[SourceQuality "1"]

1. d4 Nf6 2. c4 e6 3. Nc3 Bb4 4. e3 O-O 5. Bd3 d5 6. Nge2 dxc4 7. Bxc4 c5 8. a3
Bxc3+ 9. Nxc3 cxd4 10. exd4 Nc6 11. Be3 b6 12. O-O Bb7 13. Qd3 h6 14. Rad1 Ne7
15. Ba2 Ned5 16. Bc1 Rc8 17. Rfe1 Qc7 18. Nb5 Qb8 19. Qg3 Qxg3 20. hxg3 Ba6 21.
a4 Bxb5 22. axb5 Nb4 23. Bb3 Nc2 24. Rf1 Rfd8 25. Be3 Ne4 26. d5 Nxg3 27. dxe6
Nxf1 28. Rxf1 Kf8 29. exf7 Rd3 30. Be6 Rcd8 31. Bc1 Nd4 32. Ba2 Rd1 33. Bc4
Rxf1+ 34. Kxf1 Nxb5 35. Bf4 Rd4 0-1

[Event "World op 17th"]
[Site "Philadelphia"]
[Date "1989.??.??"]
[Round "8"]
[White "Vucic, Mladen"]
[Black "Dokhoian, Yury"]
[Result "0-1"]
[WhiteElo "2395"]
[BlackElo "2575"]
[PlyCount "120"]
[EventDate "1989.06.??"]
[EventType "swiss"]
[EventRounds "10"]
[EventCountry "USA"]
[SourceTitle "EXT 1997"]
[Source "ChessBase"]
[SourceDate "1996.11.15"]
[SourceVersion "1"]
[SourceVersionDate "1996.11.15"]
[SourceQuality "1"]

1. d4 Nf6 2. Nf3 d5 3. c4 e6 4. Nc3 Be7 5. cxd5 exd5 6. Bg5 c6 7. Qc2 O-O 8. e3
Nbd7 9. Bd3 Re8 10. O-O Nf8 11. h3 Be6 12. a3 a5 13. Rab1 N6d7 14. Bf4 Nb6 15.
Na4 Nxa4 16. Qxa4 f6 17. Bg3 Qd7 18. Qc2 a4 19. Nh4 g6 20. f4 Bf7 21. Bf2 Rec8
22. Nf3 b6 23. e4 dxe4 24. Bxe4 Bd5 25. f5 Bxe4 26. Qxe4 gxf5 27. Qc2 Ng6 28.
Rbd1 Kh8 29. Nh4 Ra5 30. Be1 Nxh4 31. Bxh4 Rd5 32. Qxa4 b5 33. Qc2 Rxd4 34. Bf2
Rd5 35. Kh1 Rg8 36. Bh4 Rg6 37. Rxd5 Qxd5 38. Rxf5 Rxg2 39. Rxd5 Rxc2 40. Rd7
Rc4 41. Rxe7 Rxh4 42. Kg2 Rc4 43. Kg3 Rc2 44. Rc7 Rxb2 45. Rxc6 Kg7 46. Rb6 Kg6
47. Ra6 Kg5 48. a4 Rb3+ 49. Kg2 b4 50. Rb6 f5 51. a5 Kf4 52. a6 Rb2+ 53. Kf1
Kf3 54. Kg1 Kg3 55. Kf1 f4 56. Rb7 Rb1+ 57. Ke2 f3+ 58. Ke3 Re1+ 59. Kd2 f2 60.
a7 f1=Q 0-1

[Event "Aosta op"]
[Site "Aosta"]
[Date "1989.??.??"]
[Round "?"]
[White "Dokhoian, Yury"]
[Black "Bukal, Vladimir Sr"]
[Result "1-0"]
[WhiteElo "2575"]
[BlackElo "2375"]
[PlyCount "71"]
[EventDate "1989.12.??"]
[EventType "swiss"]
[EventRounds "9"]
[EventCountry "ITA"]
[SourceTitle "EXT 1997"]
[Source "ChessBase"]
[SourceDate "1996.11.15"]
[SourceVersion "1"]
[SourceVersionDate "1996.11.15"]
[SourceQuality "1"]

1. d4 Nf6 2. c4 c5 3. d5 b5 4. cxb5 a6 5. f3 axb5 6. e4 Qa5+ 7. Bd2 b4 8. Na3
d6 9. Nc4 Qa7 10. a4 g6 11. a5 Nfd7 12. f4 Bg7 13. Nf3 Ba6 14. Ra2 O-O 15. Be3
Qc7 16. Nfd2 Nf6 17. Nb6 Ra7 18. Bxa6 Rxa6 19. O-O Nbd7 20. Qe2 Qb7 21. Nbc4
Rfa8 22. Bf2 e6 23. dxe6 fxe6 24. e5 Nh5 25. exd6 Nxf4 26. Qe4 Qxe4 27. Nxe4
Nd3 28. Rd1 b3 29. Ra3 Nxb2 30. Nxb2 Bxb2 31. Rxb3 Bh8 32. Rb7 Nf8 33. d7 Rxa5
34. Bh4 Ra1 35. d8=Q Rxd8 36. Rxa1 1-0

[Event "Hoogovens"]
[Site "Wijk aan Zee"]
[Date "1990.01.??"]
[Round "9"]
[White "Nunn, John DM"]
[Black "Dokhoian, Yury"]
[Result "0-1"]
[WhiteElo "2600"]
[BlackElo "2540"]
[Annotator "Knaak,R"]
[PlyCount "100"]
[EventDate "1990.01.??"]
[EventType "tourn"]
[EventRounds "13"]
[EventCountry "NED"]
[EventCategory "13"]
[SourceTitle "CBM 017"]
[Source "ChessBase"]
[SourceDate "1990.08.01"]
[SourceVersion "1"]
[SourceVersionDate "1990.08.01"]
[SourceQuality "1"]

1. e4 {Anand} e6 2. d4 d5 3. Nc3 Nf6 4. e5 Nfd7 5. f4 c5 6. Nf3 Nc6 7. Be3 cxd4
8. Nxd4 Bc5 9. Qd2 O-O 10. O-O-O a6 11. Nce2 {Der Kampf um das Feld d4 spielt
in dieser Variante eine groЯe Rolle. Darum ist dieser fast neue Zug nicht
unlogisch.} Qc7 {Dokhoian tadelt dies und empfiehlt 11...De7 /\ f6.} 12. h4 (
12. g4 b5 13. Bg2 Bb7 14. Kb1 Rfc8 15. Nxc6 Qxc6 16. Bxc5 Nxc5 $6 17. Ng3 $1
Nd7 18. Rhe1 $16 {Sijatdinov-Barsov/Taschkent 1989/1-0}) 12... b5 13. Nxc6 Qxc6
14. Rh3 Bb7 {Ich halte 14...f6!? fьr angebracht.} 15. Nd4 Qc7 16. Rg3 Be7 17.
Qe2 Rfe8 18. Qg4 Bf8 19. Nf3 f5 20. Qh5 Rac8 21. Bd3 Nc5 22. Bxc5 Bxc5 23. Ng5
h6 24. Rh1 $5 (24. Nh3 {Anand}) 24... hxg5 25. hxg5 Kf8 26. Qh8+ Ke7 27. Qxg7+
Kd8 28. Qf6+ Be7 (28... Kd7 $1 29. Bxf5 $1 exf5 $13 {Dokhoian} (29... exf5 {
Anand} 30. Qxf5+ Kd8 31. g6 Rf8 $132)) (28... Qe7 $2 {Anand} 29. Rh7 Qxf6 30.
exf6 $18) 29. Qxe6 Bxg5 30. Qxf5 (30. Qxe8+ $1 Kxe8 31. Rxg5 $18 {Dokhoian} (
31. Rxg5 $18 {Anand} Qa5)) 30... Be7 31. Qf7 Qc5 32. f5 Qd4 33. Qg7 Rc7 34. Rf1
Kc8 (34... Bc8 $1 {Dokhoian}) 35. f6 (35. Qg4 $1 {Dokhoian}) (35. Qg4 $1 $18 {
Anand}) 35... Bf8 36. f7 Rd8 37. Qf6 Re7 38. Re1 Qb4 39. c3 Qc5 40. Qf5+ Kb8
41. e6 b4 42. Qf4+ Rc7 43. Rg8 Qe7 44. c4 dxc4 45. Bxc4 Bd5 46. b3 Bxc4 47.
bxc4 b3 48. Re2 Qb4 49. Rxf8 Qc3+ 50. Kb1 Qd3+ 0-1

[Event "Rome op"]
[Site "Rome"]
[Date "1990.??.??"]
[Round "2"]
[White "Marinelli, Tullio"]
[Black "Dokhoian, Yury"]
[Result "0-1"]
[WhiteElo "2400"]
[BlackElo "2540"]
[PlyCount "78"]
[EventDate "1990.02.??"]
[EventType "swiss"]
[EventRounds "9"]
[EventCountry "ITA"]
[SourceTitle "TD"]
[Source "ChessBase"]
[SourceDate "1994.03.01"]
[SourceVersion "1"]
[SourceVersionDate "1994.03.01"]
[SourceQuality "1"]

1. d4 e6 2. c4 Nf6 3. Nc3 Bb4 4. Qc2 O-O 5. Bg5 c5 6. e3 h6 7. Bh4 cxd4 8. exd4
Nc6 9. Nf3 Be7 10. Rd1 d5 11. a3 b6 12. Bd3 Bb7 13. Bxf6 Bxf6 14. cxd5 exd5 15.
O-O Re8 16. h3 Rc8 17. Qa4 a6 18. Bb1 g6 19. Rfe1 Qd6 20. Rxe8+ Rxe8 21. Kf1
Kg7 22. Qc2 Na5 23. Re1 Rxe1+ 24. Kxe1 Nc4 25. Ba2 b5 26. a4 Qb6 27. axb5 axb5
28. Qd3 Qa5 29. Bxc4 dxc4 30. Qd2 b4 31. Nd1 Ba6 32. Qe3 Qd5 33. Qd2 Qb5 34.
Qe2 Qa5 35. Qe3 Bb5 36. Ne5 h5 37. g3 Qa1 38. Qd2 Bxe5 39. dxe5 Ba4 0-1

[Event "Rome op"]
[Site "Rome"]
[Date "1990.??.??"]
[Round "3"]
[White "Dokhoian, Yury"]
[Black "Vera Gonzalez Quevedo, Reynaldo"]
[Result "1-0"]
[WhiteElo "2540"]
[BlackElo "2475"]
[PlyCount "95"]
[EventDate "1990.02.??"]
[EventType "swiss"]
[EventRounds "9"]
[EventCountry "ITA"]
[SourceTitle "TD"]
[Source "ChessBase"]
[SourceDate "1994.03.01"]
[SourceVersion "1"]
[SourceVersionDate "1994.03.01"]
[SourceQuality "1"]

1. d4 Nf6 2. c4 e6 3. Nc3 c5 4. d5 exd5 5. cxd5 d6 6. e4 g6 7. f3 Bg7 8. Nge2
O-O 9. Ng3 a6 10. a4 h5 11. Bg5 Qb6 12. Qd2 Nh7 13. a5 Qc7 14. Bh6 h4 15. Bxg7
Kxg7 16. Nge2 Nd7 17. Nd1 h3 18. Nf2 hxg2 19. Bxg2 b5 20. h4 Ndf6 21. f4 Re8
22. Ng3 b4 23. h5 Rb8 24. hxg6 fxg6 25. Kf1 c4 26. Qd4 Kg8 27. Bf3 c3 28. bxc3
bxc3 29. Kg2 Rb3 30. Rh6 Qg7 31. Rah1 c2 32. Qc4 Nh5 33. R6xh5 gxh5 34. Qxc2
Rb2 35. Qc6 Nf6 36. Qxd6 Rxe4 37. Bxe4 Rxf2+ 38. Kxf2 Qxg3+ 39. Kxg3 Nxe4+ 40.
Kf3 Nxd6 41. Rxh5 Kg7 42. Ke3 Nc4+ 43. Kd4 Nxa5 44. Rh2 Kf6 45. Rh6+ Kf5 46.
Rh8 Nb3+ 47. Kc3 Bb7 48. d6 1-0

[Event "Rome op"]
[Site "Rome"]
[Date "1990.??.??"]
[Round "8"]
[White "Dokhoian, Yury"]
[Black "Contin, Daniel"]
[Result "1-0"]
[WhiteElo "2540"]
[BlackElo "2380"]
[PlyCount "95"]
[EventDate "1990.02.??"]
[EventType "swiss"]
[EventRounds "9"]
[EventCountry "ITA"]
[SourceTitle "TD"]
[Source "ChessBase"]
[SourceDate "1994.03.01"]
[SourceVersion "1"]
[SourceVersionDate "1994.03.01"]
[SourceQuality "1"]

1. d4 Nf6 2. c4 e6 3. Nc3 Bb4 4. Qc2 O-O 5. a3 Bxc3+ 6. Qxc3 b6 7. Bg5 Bb7 8.
f3 c5 9. dxc5 bxc5 10. Nh3 d6 11. O-O-O Qe7 12. Bxf6 gxf6 13. Nf4 Nc6 14. Nh5
Kh8 15. Qxf6+ Qxf6 16. Nxf6 Ne5 17. e3 Rfd8 18. Be2 Ba6 19. b3 Rab8 20. f4 Nc6
21. Kc2 Na5 22. Rb1 d5 23. Kc3 Rb6 24. Bd3 d4+ 25. exd4 Rxd4 26. Ne4 Nb7 27. g3
Rd7 28. Rhd1 f5 29. Ng5 Na5 30. Bc2 Rc7 31. Rd8+ Kg7 32. Rbd1 Bc8 33. R8d6 h6
34. Nf3 Nc6 35. Ne5 Nd4 36. R6xd4 cxd4+ 37. Rxd4 a5 38. b4 axb4+ 39. axb4 Ra6
40. b5 Ra2 41. Bb3 Rxh2 42. b6 Rb7 43. c5 Rg2 44. Rd3 Rb8 45. Kb4 Ba6 46. Rd7+
Kf8 47. Rf7+ Ke8 48. Ba4+ 1-0

[Event "Werfen op"]
[Site "Werfen"]
[Date "1990.??.??"]
[Round "3"]
[White "Dokhoian, Yury"]
[Black "Portisch, Ferenc"]
[Result "1-0"]
[WhiteElo "2540"]
[BlackElo "2355"]
[PlyCount "81"]
[EventDate "1990.09.??"]
[EventType "swiss"]
[EventRounds "9"]
[EventCountry "AUT"]
[SourceTitle "EXT 1997"]
[Source "ChessBase"]
[SourceDate "1996.11.15"]
[SourceVersion "1"]
[SourceVersionDate "1996.11.15"]
[SourceQuality "1"]

1. d4 Nf6 2. c4 g6 3. Nc3 Bg7 4. e4 d6 5. Be2 O-O 6. Nf3 e5 7. O-O Nc6 8. d5
Ne7 9. Nd2 c5 10. Rb1 Nd7 11. Nb5 Nb8 12. a3 f5 13. b4 Na6 14. f3 f4 15. Nb3 b6
16. Bd2 h5 17. bxc5 Nxc5 18. Nxc5 dxc5 19. a4 Bd7 20. a5 Bxb5 21. Rxb5 Nc8 22.
Qc2 Rf7 23. Ra1 Rb8 24. Rb2 Qd6 25. Bd1 Bf6 26. axb6 axb6 27. Ra6 Ra7 28. Rxa7
Nxa7 29. Qa4 Nc8 30. Qa6 Qc7 31. Ra2 Nd6 32. Be2 h4 33. Bc3 g5 34. Qa3 Kf8 35.
Qb2 Nc8 36. Qa1 Ke7 37. Bd1 Kd6 38. Ra6 Qb7 39. Qa4 Qc7 40. Qe8 Qd7 41. Qf8+
1-0

[Event "Aarhus op"]
[Site "Aarhus"]
[Date "1991.??.??"]
[Round "1"]
[White "Dokhoian, Yury"]
[Black "Godena, Michele"]
[Result "1-0"]
[WhiteElo "2540"]
[BlackElo "2405"]
[PlyCount "99"]
[EventDate "1991.??.??"]
[EventType "swiss"]
[EventRounds "9"]
[EventCountry "DEN"]
[SourceTitle "EXT 1998"]
[Source "ChessBase"]
[SourceDate "1997.11.17"]
[SourceVersion "1"]
[SourceVersionDate "1997.11.17"]
[SourceQuality "1"]

1. d4 d5 2. c4 e6 3. Nc3 Bb4 4. e3 Ne7 5. Nf3 c5 6. Bd3 Nbc6 7. O-O dxc4 8.
Bxc4 cxd4 9. exd4 O-O 10. a3 Bd6 11. Re1 Ng6 12. Bg5 Be7 13. Be3 Nh4 14. Nxh4
Bxh4 15. Ne4 f5 16. Nc5 f4 17. Bc1 Qxd4 18. Qxd4 Nxd4 19. Re4 Bf6 20. Bxf4 b6
21. Nd3 Bb7 22. Ree1 Rac8 23. Rac1 Rxc4 24. Rxc4 Ba6 25. Rxd4 Bxd4 26. Be5 Bxd3
27. Bxd4 Rd8 28. Bc3 Kf7 29. f3 g5 30. Kf2 h5 31. h4 gxh4 32. Rh1 Kg6 33. Rxh4
Bf5 34. Rc4 Rd1 35. Rc8 e5 36. Re8 e4 37. fxe4 Bg4 38. e5 Kf7 39. Rh8 Rd3 40.
Rh7+ Ke6 41. Rxa7 Kd5 42. Rb7 Kc6 43. Rh7 Kd5 44. a4 Rd1 45. Rh6 Kc5 46. e6 Rd8
47. e7 Re8 48. Be5 Kb4 49. Rxb6+ Kxa4 50. Bc3 1-0

[Event "Aarhus op"]
[Site "Aarhus"]
[Date "1991.??.??"]
[Round "5"]
[White "Hector, Jonny"]
[Black "Dokhoian, Yury"]
[Result "0-1"]
[WhiteElo "2465"]
[BlackElo "2540"]
[PlyCount "52"]
[EventDate "1991.??.??"]
[EventType "swiss"]
[EventRounds "9"]
[EventCountry "DEN"]
[SourceTitle "EXT 1998"]
[Source "ChessBase"]
[SourceDate "1997.11.17"]
[SourceVersion "1"]
[SourceVersionDate "1997.11.17"]
[SourceQuality "1"]

1. e4 e6 2. d4 d5 3. Nc3 Bb4 4. Qd3 Ne7 5. Bd2 O-O 6. a3 Bxc3 7. Bxc3 b6 8. b4
Bd7 9. e5 a6 10. Qh3 Bb5 11. Bxb5 axb5 12. Ne2 c5 13. O-O Qd7 14. Nf4 Ng6 15.
Nh5 Nc6 16. f4 Nxd4 17. Bxd4 cxd4 18. g4 Rfc8 19. f5 Rc3 20. Qg2 Nxe5 21. Kh1
Qc7 22. fxe6 fxe6 23. Nf4 Re8 24. Rae1 Rxc2 25. Nxe6 Rxe6 26. Qxd5 Nf7 0-1

[Event "Pamplona op"]
[Site "Pamplona"]
[Date "1991.??.??"]
[Round "9"]
[White "Dokhoian, Yury"]
[Black "Izeta Txabarri, Felix"]
[Result "1-0"]
[WhiteElo "2540"]
[BlackElo "2380"]
[PlyCount "81"]
[EventDate "1991.??.??"]
[EventType "swiss"]
[EventRounds "11"]
[EventCountry "ESP"]
[SourceTitle "EXT 2000"]
[Source "ChessBase"]
[SourceDate "1999.11.16"]
[SourceVersion "1"]
[SourceVersionDate "1999.11.16"]
[SourceQuality "1"]

1. d4 Nf6 2. c4 e6 3. Nf3 Bb4+ 4. Bd2 c5 5. Bxb4 cxb4 6. g3 O-O 7. Bg2 d6 8.
Qd3 a5 9. O-O Na6 10. Nbd2 Qc7 11. e4 Rd8 12. Rfe1 e5 13. h3 Bd7 14. Nf1 Bc6
15. Nh4 exd4 16. Qxd4 b5 17. Nf5 bxc4 18. Qxc4 Bb7 19. N1e3 Rac8 20. Qd4 Qc5
21. Rad1 Kf8 22. Qxc5 Rxc5 23. Nxd6 Ba8 24. Re2 Nc7 25. Red2 g6 26. f4 Nce8 27.
e5 Nh5 28. Bxa8 Rxa8 29. Ne4 Rc7 30. b3 a4 31. Nd5 Rb7 32. g4 axb3 33. axb3
Nhg7 34. Nc5 Rb5 35. Nb6 Raa5 36. Ncd7+ Kg8 37. Nf6+ Kf8 38. Nc4 Ra8 39. Nxh7+
Kg8 40. Ng5 f6 41. exf6 1-0

[Event "Copenhagen op"]
[Site "Copenhagen"]
[Date "1991.??.??"]
[Round "7"]
[White "Grotnes, Nils Ragnar"]
[Black "Dokhoian, Yury"]
[Result "0-1"]
[WhiteElo "2300"]
[BlackElo "2540"]
[PlyCount "86"]
[EventDate "1991.06.??"]
[EventType "swiss"]
[EventRounds "10"]
[EventCountry "DEN"]
[SourceTitle "TD"]
[Source "ChessBase"]
[SourceDate "1994.03.01"]
[SourceVersion "1"]
[SourceVersionDate "1994.03.01"]
[SourceQuality "1"]

1. d4 Nf6 2. c4 e6 3. Nc3 Bb4 4. e3 O-O 5. Nge2 d5 6. a3 Be7 7. Nf4 c6 8. Qc2
Nbd7 9. cxd5 exd5 10. Bd3 Bd6 11. Nce2 Re8 12. O-O Nf8 13. g3 a5 14. f3 Qe7 15.
Bd2 c5 16. dxc5 Bxc5 17. Nd4 Ng6 18. Nxg6 hxg6 19. Rac1 Bb6 20. Qb3 Qd6 21. Bb5
Bd7 22. Rfd1 Re7 23. Be1 Bxb5 24. Qxb5 Rxe3 25. Bf2 Re7 26. Kg2 Nd7 27. Nc6 Re6
28. Nd4 Ree8 29. Rc2 Rac8 30. Rcd2 Ne5 31. Nb3 Bxf2 32. Rxf2 Nc4 33. Kg1 b6 34.
Nd4 Re5 35. f4 Re4 36. f5 Ne3 37. Re1 Ng4 38. Rxe4 dxe4 39. Rd2 Rc1+ 40. Kg2
Ne3+ 41. Kf2 Nc4 42. Qe8+ Kh7 43. Qxf7 e3+ 0-1

[Event "Copenhagen op"]
[Site "Copenhagen"]
[Date "1991.??.??"]
[Round "10"]
[White "Dokhoian, Yury"]
[Black "Kishnev, Sergey"]
[Result "1-0"]
[WhiteElo "2540"]
[BlackElo "2520"]
[PlyCount "53"]
[EventDate "1991.06.??"]
[EventType "swiss"]
[EventRounds "10"]
[EventCountry "DEN"]
[SourceTitle "TD"]
[Source "ChessBase"]
[SourceDate "1994.03.01"]
[SourceVersion "1"]
[SourceVersionDate "1994.03.01"]
[SourceQuality "1"]

1. d4 f5 2. Nc3 d5 3. Bg5 c6 4. e3 Qb6 5. Rb1 Nd7 6. Bd3 g6 7. Nf3 Bg7 8. Ne2
Ngf6 9. O-O Ne4 10. c4 h6 11. Bh4 Ndf6 12. Bxf6 Nxf6 13. Ne5 g5 14. Ng3 e6 15.
cxd5 cxd5 16. Nh5 O-O 17. Nxg7 Kxg7 18. Qa4 Rd8 19. Rfc1 Bd7 20. Qa3 Ng8 21.
Rc3 Bc6 22. Nxc6 bxc6 23. Rbc1 Rab8 24. Rxc6 Qxb2 25. Qxa7+ Kf6 26. Qh7 Rd6 27.
Rc7 1-0

[Event "Werfen op-A"]
[Site "Werfen"]
[Date "1991.??.??"]
[Round "6"]
[White "Zupe, Miran"]
[Black "Dokhoian, Yury"]
[Result "0-1"]
[WhiteElo "2315"]
[BlackElo "2545"]
[PlyCount "78"]
[EventDate "1991.08.??"]
[EventType "swiss"]
[EventRounds "9"]
[EventCountry "AUT"]
[SourceTitle "TD"]
[Source "ChessBase"]
[SourceDate "1994.03.01"]
[SourceVersion "1"]
[SourceVersionDate "1994.03.01"]
[SourceQuality "1"]

1. Nf3 Nf6 2. c4 e6 3. Nc3 Bb4 4. Qc2 c5 5. a3 Ba5 6. d4 b6 7. Rb1 Bxc3+ 8.
Qxc3 O-O 9. dxc5 bxc5 10. g3 Bb7 11. Bg2 a5 12. b3 Be4 13. Rb2 Nc6 14. O-O Qe7
15. Ne5 Bxg2 16. Kxg2 Nxe5 17. Qxe5 d6 18. Qc3 h6 19. Rd1 Rfb8 20. f3 d5 21.
cxd5 exd5 22. Bf4 Rb6 23. Rc2 Re6 24. Kf1 a4 25. Qxc5 axb3 26. Rc3 Qb7 27. Rb1
Rb6 28. Rb2 Rb5 29. Qd6 d4 30. Qxd4 Nd5 31. Rd3 Rxa3 32. Qc4 Ra1+ 33. Kg2 Nxf4+
34. gxf4 Qb6 35. Rd8+ Kh7 36. Qd3+ f5 37. Kh3 Re1 38. Qc4 Qxd8 39. Qxb5 Qf6 0-1

[Event "Neu Isenburg op"]
[Site "Neu Isenburg"]
[Date "1992.04.25"]
[Round "5"]
[White "Dokhoian, Yury"]
[Black "Cebalo, Miso"]
[Result "1-0"]
[WhiteElo "2545"]
[BlackElo "2515"]
[PlyCount "84"]
[EventDate "1992.04.24"]
[EventType "swiss (rapid)"]
[EventRounds "11"]
[EventCountry "GER"]
[SourceTitle "EXT 2003"]
[Source "ChessBase"]
[SourceDate "2002.11.25"]
[SourceVersion "1"]
[SourceVersionDate "2002.11.25"]
[SourceQuality "1"]

1. d4 Nf6 2. c4 e6 3. Nf3 Bb4+ 4. Bd2 Qe7 5. g3 Nc6 6. Nc3 Bxc3 7. Bxc3 Ne4 8.
Rc1 O-O 9. Bg2 d6 10. d5 Nxc3 11. Rxc3 Nb8 12. dxe6 fxe6 13. O-O Nc6 14. Nd4
Nxd4 15. Qxd4 e5 16. Qd5+ Be6 17. Qxb7 Rab8 18. Qxa7 Rxb2 19. Re1 h6 20. Bd5
Rf7 21. Rb3 Rxb3 22. axb3 Bxd5 23. cxd5 Qg5 24. Qb8+ Kh7 25. Qb4 Qf5 26. Rf1
Qc2 27. Qc4 Qb2 28. Qd3+ Kg8 29. Rb1 Qa3 30. Kg2 Qa7 31. f3 Re7 32. Qe4 Qb7 33.
f4 Qb5 34. Rb2 Re8 35. f5 Ra8 36. Rc2 Qxb3 37. Rxc7 Ra4 38. Qf3 Qb8 39. Qc3 Qb1
40. Qf3 Ra1 41. Kh3 Qf1+ 42. Qxf1 Rxf1 {(...)} 1-0

[Event "Neu Isenburg op"]
[Site "Neu Isenburg"]
[Date "1992.04.26"]
[Round "9"]
[White "Dokhoian, Yury"]
[Black "Komljenovic, Davorin"]
[Result "1-0"]
[WhiteElo "2545"]
[BlackElo "2495"]
[PlyCount "77"]
[EventDate "1992.04.24"]
[EventType "swiss (rapid)"]
[EventRounds "11"]
[EventCountry "GER"]
[SourceTitle "EXT 2003"]
[Source "ChessBase"]
[SourceDate "2002.11.25"]
[SourceVersion "1"]
[SourceVersionDate "2002.11.25"]
[SourceQuality "1"]

1. d4 Nf6 2. Nf3 g6 3. c4 Bg7 4. Nc3 O-O 5. e4 d6 6. Be2 e5 7. O-O Nc6 8. d5
Ne7 9. Nd2 a5 10. Rb1 Ne8 11. a3 f5 12. b4 axb4 13. axb4 Nf6 14. f3 f4 15. c5
g5 16. Nc4 Ng6 17. b5 b6 18. cxd6 cxd6 19. Ba3 Ne8 20. Na4 Rb8 21. Rc1 Ne7 22.
Bb4 Rf6 23. Naxb6 Bb7 24. Qa4 Nc7 25. Rc2 h5 26. Rfc1 Rg6 27. Kh1 g4 28. Nxd6
Ncxd5 29. Nxd5 Bxd5 30. exd5 Rxd6 31. Bxd6 Qxd6 32. Rc6 Nxc6 33. dxc6 Qc7 34.
Qe4 gxf3 35. gxf3 Rd8 36. Bc4+ Kh8 37. Qg6 Rd6 38. Qxh5+ Rh6 39. Qe8+ 1-0